| Поле | Инд. | ПП | Название | Значение |
|---|---|---|---|---|
| Тип записи | a | |||
| Библиографический уровень | m | |||
| 001 | Контрольный номер | 1a9e4324f9124f4d8ab46d81e1a84098 | ||
| 005 | Дата корректировки | 20260403164442.0 | ||
| 084 | a | Индекс другой классификации/Индекс ББК | 3 | |
| 091 | i | Возрастная адресация (DOS) | 16+ | |
| 097 | b | Оператор | Кондратьева | |
| 245 | 10 | a | Заглавие | Мое любимое хобби. Knitting |
| n | Номер части/ раздела | 2 | ||
| 260 | c | Дата издания | 2026 | |
| 900 | a | Имя макрообъекта | 0000003905961 | |
| 901 | t | Тип документа | s |